000 01228aas a2200229 4500
999 _c53869
_d53869
001 768714001
003 CO-MdFUSB
005 20171128142603.0
008 170808s1997 xxu||||| |||| 00| 0 eng d
022 _a0098-9444
040 _aCO-MdFUSB
_bspa
_cCO-MdFUSB
_dCO-MdFUSB
041 _aeng
100 _aShanks, Hershel
_eautor
242 1 3 _aUn nombre en busca de una historia :
_bun papiro egipcio revela a un esclavo asiático con un nombre bíblico : una partera mentada en Éxodo
245 1 0 _aA name in search of a story :
_b an Egyptian papyrus reveals an Asiatic slave with a biblical name -a midwife mentoned in Exodus
300 _aVolumen 24. Número 1 (1998), páginas 6
_c: 28 cm.
520 1 _aShiphrah, por supuesto, es el nombre de una de las parteras hebreas a quien Faraón convocó para llevar a cabo su orden de que todos los niños nacidos de los israelitas esclavizados fueran asesinados. Sin embargo, Sifrah no obedeció a Faraón; estaban dedicados a Dios, entonces dejaron vivir a los niños.
546 _aTexto en inglés
650 7 _9403
_aExcavaciones arqueológicas
773 0 _tBiblical Archaeology Review
_049395
_959486
_gVolumen 24. Número 1 (1998), páginas 6
_qPágina 6
942 _cANA